Magazines by Cover of First Issue (Click Quiz) - Statistics

General Stats
  • This quiz has been taken 18 times
  • The average score is 10 of 15
Answer Stats
Hint Answer % Correct
1988: A clay model of Mario Nintendo Power
100%
1954: Slugger Eddie Matthews in mid-swing Sports Illustrated
88%
1953: Marilyn Monroe leaning against a chair Playboy
82%
2000: Oprah Winfrey O
76%
1982: Image of IBM's Personal System/2 PC Magazine
76%
1967: John Lennon in military helmet Rolling Stone
76%
1930: Fortuna, the Roman goddess of luck Fortune
71%
1892: Monochrome illustration of woman in a dress Vogue
65%
1974: Mia Farrow as Great Gatsby's Daisy Buchanan People
59%
1954: Desi Arnaz Jr., newborn son of Lucille Ball TV Guide
59%
1936: A photo of Fort Peck Dam Life
53%
1933: Nazis Newsweek
41%
1923: House Speaker Joseph G. Cannon Time
41%
1985: Madonna Spin
35%
1925: Eustace Tilley inspecting butterfly with monocle The New Yorker
35%
No matching quizzes found
Score Distribution
Percent of People with Each Score
Percentile by Number Answered
Your Score History
You have not taken this quiz